Statistics for The Lion King Characters by Screen Time

Click here to take the quiz!

General Stats

  • This quiz has been taken 67 times
  • The average score is 10 of 13

Answer Stats

TimeCharacter% Correct
11:43Mufasa
100%
43:51Simba
100%
13:42Nala
97%
15:26Scar
97%
11:14Pumbaa
95%
12:29Timon
93%
9:16Zazu
81%
6:56Rafiki
80%
4:26Sarabi
69%
4:59Ed
64%
6:06Shenzi
63%
6:10Banzaï
53%
1:44Sarafina
27%

Score Distribution

Percentile by Number Answered

Percent of People with Each Score

Your Score History

You have not taken this quiz